000 00872cam a22002777a 4500
999 _c234085
_d234085
001 11997391
003 Nust
005 20170313133435.0
008 000201s1999 ii 000 1 eng
010 _a 99947795
020 _a9780140293203
025 _aI-E-99-947795; 527
035 _a(DLC) 99947795
037 _bLibrary of Congress -- New Delhi Field Office
_cRs250.00
040 _aDLC
_cDLC
_dDLC
042 _alcode
050 0 0 _aMLCS 2000/03761
_aPR9499.3
082 _a823.92
_bNAI
100 1 _aNair, Anita.
245 1 4 _aThe better man /
_cAnita Nair.
260 _aNew Delhi :
_bPenguin Books ;
_aNew York, NY :
_bPenguin Putnam Inc.,
_c1999.
300 _a361 p. ;
_c21 cm.
500 _aNovel.
906 _a7
_bcbc
_corigode
_d4
_encip
_f19
_gy-gencatlg
942 _2ddc
_cBK